000 00952nac a22002531u 4500
008 100913t xxu||||| |||| 00| 0 eng d
010 _a 85004128
020 _a0443035172
082 0 0 _a618.1
_bGOV
100 _aGovan, A. D. T.
_918822
245 1 0 _aGynaecology Illustrated /
_cA.D.T. Govan, Colin Hodge, Robin Callander.
250 _a3rd ed.
260 _aEdinburgh ;
_aNew York :
_bChurchill Livingstone,
_c1985.
300 _a490 p. :
_bill. ;
_c25 cm.
500 _aRev. ed. of: Gynaecology illustrated / by Matthew M. Garrey and others. 1st ed. 1972.
500 _aIncludes index.
500 _aDonations .
500 _aDonations - Bibliotheca Alexandrina.
650 0 _aGynecology.
_918823
700 1 _aHodge, Colin.
_918824
700 1 _aCallander, Robin.
_918825
942 _cBB
_k618.1GOV
_2ddc
999 _c3308
_d3308